Sports Quiz

Random Sports or NBA Quiz

NBA's Greatest Rookies Of All Time (Sports Illustrated) Quiz Stats

 Plays Quiz not verified by Sporcle

Challenge
Share
Tweet
Embed
Score 0/15 Timer 08:00
0 Plays Today
Player % Correct
Michael Jordan
95.1%
LeBron James
88.7%
Magic Johnson
83.3%
Larry Bird
82.7%
Wilt Chamberlain
77.3%
Shaquille O'Neal
75.3%
Kareem Abdul-Jabbar
73.8%
Tim Duncan
62.7%
Player % Correct
Oscar Robertson
57.6%
David Robinson
57.4%
Blake Griffin
57.1%
Elgin Baylor
43%
Elvin Hayes
31.2%
Wes Unseld
28.1%
Walt Bellamy
17.9%

You're not logged in!

Compare scores with friends on all Sporcle quizzes.
OR
Log In

You Might Also Like...

Show Comments

Extras

Top Quizzes Today


Score Distribution

Your Account Isn't Verified!

In order to create a playlist on Sporcle, you need to verify the email address you used during registration. Go to your Sporcle Settings to finish the process.

Report this User

Report this user for behavior that violates our Community Guidelines.

Details: